000
00295nam a22001337a 4500
008
180205b xxu||||| |||| 00| 0 eng d
020
_a
598608001
041
_a
eng
080
_a
338
100
_a
53
101
_a
ROS
245
_a
Productivity, People & Profits
_c
Ross, J.E
942
_2
udc
_c
BK
999
_c
41832
_d
41832